| 000 | 01205nam a2200217Ia 4500 | ||
|---|---|---|---|
| 999 |
_c2756 _d2756 |
||
| 008 | 200103s 2011 ||||xx |||||||||||||| ||und|| | ||
| 020 | _a9789280115284 | ||
| 082 |
_a623.88 _bIMO |
||
| 110 | _aInternational Maritime Organization | ||
| 245 | 0 | _aSTCW including 2010 manila amendments: STCW convention and STCW code | |
| 250 | _a3rd. | ||
| 260 |
_bInternational Maritime Organization _c2011 _aLondon |
||
| 300 | _av, 356 p. | ||
| 440 | _aIntentional convention on standards of training, certification and watchkeeping for seafarers | ||
| 504 | _aSTCW Comvention International Convention of Standards of Training, Certification and Watchkeeping fpr Seafarers, 1978 STCW Code Seafarers' Training, Certification and Watchkeeping Code. | ||
| 520 | _aA comprehensive review of the 1978 STCW Convention commenced in January 2006 and culminated in a Conference of Parties to the STCW Convention, held in Manila, Philippines, from 21 to 25 June 2010, that adopted a significant number of amendments to the STCW Convention and STCW Code. | ||
| 650 | _aMerchant marine - Watch duty | ||
| 650 | _aMerchant mariners - Certification | ||
| 650 | _aMerchant mariners - Training of | ||
| 942 | _cRT | ||